| 000 | 02231cam a22004217i 4500 | ||
|---|---|---|---|
| 001 | 20715037 | ||
| 003 | JO-AjAnu | ||
| 005 | 20251011101514.0 | ||
| 008 | 181022s2018 enka b 001 0 eng d | ||
| 010 | _a 2018289141 | ||
| 020 |
_a978171718249134 _qpbk. |
||
| 020 |
_a1623172837 _qpbk. |
||
| 035 | _a20715037 | ||
| 035 | _a(OCoLC)1015828095 | ||
| 040 |
_aYDX _beng _cYDX _erda _dBDX _dIEB _dOCLCF _dVP@ _dDLC _dJO-AjAnu |
||
| 041 |
_aeng _heng |
||
| 042 | _alccopycat | ||
| 050 | 0 | 0 |
_aRD97 _b.W35 2021 |
| 082 | 0 | 4 |
_a617.1/027 _223 |
| 100 | 1 |
_aWalker, Brad, _d1971- |
|
| 245 | 1 | 4 |
_aThe anatomy of sports injuries : _byour illustrated guide to prevention, diagnosis, and treatment / _cBrad Walker. |
| 250 | _aSecond edition. | ||
| 264 | 1 |
_aChichester, England : _bLotus Publishing ; _aBerkeley, California : _bNorth Atlantic Books, _c2018. |
|
| 300 |
_a280 pages : _bcolor illustrations ; _c27 cm |
||
| 336 |
_atext _btxt _2rdacontent |
||
| 337 |
_aunmediated _bn _2rdamedia |
||
| 338 |
_avolume _bnc _2rdacarrier |
||
| 504 | _aIncludes bibliographical references and index. | ||
| 505 | 0 | _aExplanation of sports injury -- Sports injury prevention -- Sports injury treatment and rehabilitation -- Sports injuries of the skin -- Sports injuries of the head and neck -- Sports injuries of the hands and fingers -- Sports injuries of the wrists and forearm -- Sports injuries of the elbow -- Sports injuries of the shoulder and upper arm -- Sports injuries of the back and spine -- Sports injuries of the chest and abdomen -- Sports injuries of the hips, pelvis, and groin -- Sports injuries of the hamstrings and quadriceps -- Sports injuries of the knee -- Sports injuries of the shin and calf -- Sports injuries of the ankle -- Sports injuries of the foot. | |
| 650 | 0 |
_aSports injuries _vAtlases. |
|
| 650 | 7 |
_aSports injuries. _2fast _0(OCoLC)fst01130688 |
|
| 655 | 7 |
_aScientific atlases. _2fast _0(OCoLC)fst01941304 |
|
| 655 | 7 |
_aAtlases. _2lcgft _0https://id.loc.gov/authorities/genreForms/gf2011026058 |
|
| 906 |
_a7 _bcbc _ccopycat _d2 _encip _f20 _gy-gencatlg |
||
| 942 |
_2lcc _cBK _n0 |
||
| 999 |
_c34031 _d34031 |
||